000 00842nam a2200205 a 4500
008 081105s2002 ||||||||||||||||| || u
020 _a0821350552
050 _aIBRD-IFC(08)LE/8
110 _aInternational Finance Corporation (IFC)
245 1 4 _aThe environmental and social challenges of private sector projects: IFC's experience
260 _aWashington, D.C.
_bWorld Bank
_c2002
300 _avii, 104p.:ill.
350 _a0.00
490 _aLessons of experience
650 _aINTERNATIONAL FINANCE CORPORATION
650 _aINDUSTRIAL DEVELOPMENT PROJECTS--SOCIAL ASPECTS
650 _aECONOMIC DEVELOPMENT PROJECTS--ENVIRONMENTAL ASPECTS
710 _aWorld Bank
995 _D0.00
_FCBU-MAIN LIBRARY (Kitwe)
_H1
_I0.00
_M8
_UAVAILABLE
_WNov 5, 2008
_ZInternational Publications
999 _c42172
_d42172